| 000 | 00687nam a2200205 a 4500 | ||
|---|---|---|---|
| 005 | 20210223120410.0 | ||
| 008 | 991125s1966 mx 000 0 spa u | ||
| 035 | _aUPN01000000188 | ||
| 049 | _aCG | ||
| 050 | 4 |
_aHD69 C7 _bL4.38 |
|
| 100 | 1 | _aLevy, Ferdinand K. | |
| 245 | 1 | 3 |
_aEl ABC de método del camino crítico / _cpor Ferdinand K. Levy, Gerald L. Thompson y Jerome D. Wiest. |
| 260 |
_aMéxico : _bCentro Regional de Ayuda Técnica, AID, _c1966. |
||
| 300 | _a23 p. | ||
| 500 | _aDisponible en la Colección Medina | ||
| 650 | 4 |
_aTOMA DE DECISIONES - _vMODELOS MATEMATICOS _91890 |
|
| 700 | 1 |
_aThompson, Gerald L., _ecoaut. |
|
| 700 | 1 |
_aWiest, Jerome D., _ecoaut. |
|
| 905 | _aLibro | ||
| 999 |
_c188 _d188 |
||